000 00431nam a2200157Ia 4500
005 20250403170359.0
008 231217s9999 xx 000 0 und d
020 _a9788131413944
082 _a381.432 MUL;1 R
100 _aMultani, Sukhvindu Kaur ed.
245 0 _aSecurity of maritime trade : new dimensions
260 _c2008
_bIcfai
_aHyderabad
300 _axi, 264
650 _amaritime,trade,dimensions
942 _cAA
999 _c191337
_d191337